[Event "Olympiad-41"]
[Site "Tromsoe"]
[Date "2014.08.05"]
[Round "4.3"]
[White "Belzo, Krzysztof"]
[Black "Degondo, Simplice Armel"]
[Result "0-1"]
[WhiteElo "2034"]
[BlackElo "2148"]
[PlyCount "106"]
[EventDate "2014.08.02"]
[EventType "team-swiss"]
[EventRounds "11"]
[EventCountry "NOR"]
[SourceTitle "CBM 162"]
[Source "ChessBase"]
[SourceDate "2014.09.17"]
[SourceVersion "1"]
[SourceVersionDate "2014.09.17"]
[SourceQuality "1"]
[WhiteTeam "Jersey"]
[BlackTeam "Ivory Coast"]
[WhiteTeamCountry "GCI"]
[BlackTeamCountry "IVO"]

1. c4 Nf6 2. Nf3 c6 3. g3 d5 4. cxd5 Nxd5 5. Bg2 g6 6. 0-0 Bg7 7. d4 0-0 8. e4 Nf6 9. Nc3 Qa5 10. Bf4 Rd8 11. Qb3 b6 12. Bxb8 Rxb8 13. Ne5 Be6 14. d5 cxd5 15. Nc6 d4 16. Nxa5 Bxb3 17. Nc6 Bc4 18. Rfd1 dxc3 19. Nxd8 cxb2 20. Rab1 Ng4 21. Nc6 Re8 22. Nd4 Rd8 23. Nb3 Rc8 24. Nd4 Bd3 25. Rxb2 Bxd4 26. Rbd2 Nxf2 27. Rxf2 Bxf2+ 28. Kxf2 Rc2+ 29. Kg1 Bc4 30. Rd8+ Kg7 31. Rc8 b5 32. a4 bxa4 33. Rc7 a3 34. Bf1 Bd3 35. Rxa7 Rc1 36. Rxa3 Rxf1+ 37. Kg2 Rd1 38. Kf3 f5 39. e5 g5 40. h4 h6 41. hxg5 hxg5 42. g4 Be4+ 43. Ke3 Rd3+ 44. Rxd3 Bxd3 45. Kxd3 fxg4 46. Ke3 Kg6 47. Kf2 Kf5 48. Kg3 Kxe5 49. Kxg4 Kd4 50. Kxg5 e5 51. Kg4 Kd3 52. Kg3 e4 53. Kf2 Kd2 0-1

[Event "Olympiad-41"]
[Site "Tromsoe"]
[Date "2014.08.03"]
[Round "2.3"]
[White "Ho, Jei Chen"]
[Black "Belzo, Krzysztof"]
[Result "1/2-1/2"]
[WhiteElo "1808"]
[BlackElo "2034"]
[PlyCount "105"]
[EventDate "2014.08.02"]
[EventType "team-swiss"]
[EventRounds "11"]
[EventCountry "NOR"]
[SourceTitle "CBM 162"]
[Source "ChessBase"]
[SourceDate "2014.09.17"]
[SourceVersion "1"]
[SourceVersionDate "2014.09.17"]
[SourceQuality "1"]
[WhiteTeam "Chinese Taipei"]
[BlackTeam "Jersey"]
[WhiteTeamCountry "TPE"]
[BlackTeamCountry "GCI"]

1. d4 c5 2. d5 d6 3. c4 f5 4. Nc3 Nf6 5. Nf3 g6 6. g3 Bg7 7. Bg2 0-0 8. 0-0 Na6 9. Rb1 Rb8 10. a3 Bd7 11. Qc2 Nc7 12. b4 cxb4 13. axb4 b5 14. cxb5 Nfxd5 15. Nxd5 Nxd5 16. Qb3 e6 17. Ng5 Rxb5 18. Qc4 Qb8 19. Bd2 h6 20. Nh3 Kh7 21. Qh4 Qd8 22. Bg5 Qb6 23. Bxd5 Rxd5 24. Bxh6 Bxh6 25. Qe7+ Kg8 26. Qxd7 Re5 27. Rbc1 Bxc1 28. Rxc1 Qd8 29. Qxa7 Rf7 30. Qa6 Rc7 31. Rd1 d5 32. Nf4 Kf7 33. b5 Qb8 34. Qd6 Rb7 35. Qc6 Rxb5 36. Qd7+ Kf6 37. Kg2 Rb7 38. Qc6 Qc7 39. Qe8 Qf7 40. Qh8+ Qg7 41. Qd8+ Kf7 42. Qc8 Re7 43. h4 Re4 44. Rb1 Rc4 45. Qd8 Rxf4 46. gxf4 Qd4 47. Rb8 Qg7 48. e3 Ra7 49. Qe8+ Kf6 50. Qd8+ Kf7 51. Qc8 Re7 52. Ra8 Kf6 53. Qc3+ 1/2-1/2

[Event "Olympiad-39"]
[Site "Khanty-Mansiysk"]
[Date "2010.10.03"]
[Round "11.2"]
[White "Pitirotjirathon, Jirapak"]
[Black "Belzo, Krzysztof"]
[Result "1-0"]
[WhiteElo "2299"]
[BlackElo "2007"]
[PlyCount "81"]
[EventDate "2010.09.21"]
[EventType "team-swiss"]
[EventRounds "11"]
[EventCountry "RUS"]
[SourceTitle "CBM 139"]
[Source "ChessBase"]
[SourceDate "2010.11.18"]
[SourceVersion "1"]
[SourceVersionDate "2010.11.18"]
[SourceQuality "1"]
[WhiteTeam "Thailand"]
[BlackTeam "Jersey"]
[WhiteTeamCountry "THA"]
[BlackTeamCountry "JCI"]

1. d4 g6 2. c4 Bg7 3. e4 c5 4. d5 d6 5. Nf3 e6 6. Nc3 exd5 7. cxd5 a6 8. a4 Bg4 9. Be2 Bxf3 10. Bxf3 Nd7 11. 0-0 Ne7 12. a5 0-0 13. Bg5 h6 14. Be3 f5 15. Qd2 g5 16. exf5 Nxf5 17. Bg4 Ne5 18. Bxf5 Rxf5 19. Ra4 Qf8 20. h4 g4 21. Ne4 Rf7 22. Ng3 Qe7 23. h5 Qd7 24. Re4 Rf6 25. b4 cxb4 26. Rxb4 Rc8 27. Bd4 Rf7 28. Bxe5 dxe5 29. Rfb1 Rc5 30. d6 Rb5 31. Rxb5 axb5 32. Qd5 Kh7 33. Rxb5 Bf8 34. Rb6 Bg7 35. Ne4 Kh8 36. Rb4 Kh7 37. Rc4 Rf4 38. Rc7 Qa4 39. Rxg7+ Kxg7 40. Qxe5+ Kh7 41. Qxf4 1-0

[Event "Olympiad-39"]
[Site "Khanty-Mansiysk"]
[Date "2010.10.01"]
[Round "10.1"]
[White "Olape, Bunmi"]
[Black "Belzo, Krzysztof"]
[Result "1/2-1/2"]
[WhiteElo "2256"]
[BlackElo "2007"]
[PlyCount "122"]
[EventDate "2010.09.21"]
[EventType "team-swiss"]
[EventRounds "11"]
[EventCountry "RUS"]
[SourceTitle "CBM 139"]
[Source "ChessBase"]
[SourceDate "2010.11.18"]
[SourceVersion "1"]
[SourceVersionDate "2010.11.18"]
[SourceQuality "1"]
[WhiteTeam "Nigeria"]
[BlackTeam "Jersey"]
[WhiteTeamCountry "NGR"]
[BlackTeamCountry "JCI"]

1. e4 c5 2. Nf3 Nc6 3. d4 cxd4 4. Nxd4 g6 5. c4 Bg7 6. Be3 d6 7. Nc3 Nf6 8. Be2 0-0 9. 0-0 Bd7 10. Rc1 Nxd4 11. Bxd4 Bc6 12. f3 a5 13. b3 Nd7 14. Bxg7 Kxg7 15. Qd4+ f6 16. Kh1 Qb6 17. Qd2 Nc5 18. Rb1 Rfd8 19. Rfd1 Qb4 20. Qc1 e5 21. Bf1 Ne6 22. a3 Qb6 23. b4 axb4 24. axb4 h5 25. Qb2 h4 26. h3 Nd4 27. Qf2 Qc7 28. Qxh4 Ra3 29. Rd3 Rda8 30. b5 g5 31. Qg3 Bd7 32. Nd5 Qc5 33. f4 Rxd3 34. Bxd3 exf4 35. Nxf4 Qe5 36. Ne2 Nxe2 37. Qxe5 fxe5 38. Bxe2 Ra2 39. Bf1 Kf6 40. Rc1 b6 41. Kg1 Be8 42. Rd1 Ke7 43. Bd3 Bh5 44. Re1 Rd2 45. Re3 Bf7 46. Rg3 Be6 47. Bf1 Kf6 48. Rf3+ Ke7 49. Ra3 Rd4 50. Ra7+ Kf6 51. Rc7 Rxe4 52. Rc6 Ke7 53. Kf2 g4 54. hxg4 Rxg4 55. Be2 Rd4 56. g3 Rd2 57. Ke3 Rd4 58. Bd3 Rg4 59. Kd2 d5 60. cxd5 Bxd5 61. Rxb6 Rxg3 1/2-1/2